000 006500000a22001930004500
090 _aAR
_b01935
245 1 0 _aVicariance biogeography in the Pleistocene and Speciation in North american wood warblers: a test of menge'l model
650 1 4 _aEvolución
_992797
650 1 4 _aEspeciación
_917207
650 1 4 _aCiclos glaciares
_995389
650 1 4 _aFilogenética
_94310
041 0 _aInglés
700 1 _aRohwer, Sievert
_995390
700 1 _aFreeman, Scott
_912367
700 1 _aWood, Chris
_995392
100 1 _aBermingham, Eldredge
_995340
942 _cARTICULO
773 1 _tEvolution: International Journal of Organic Evolution
_311
_q1-25
_d1990?
999 _c11012
_d11012